00596nam a22002177a 450000500170000001000130001702000250003003500130005503700160006804000120008408200160009610000170011224500770012925000110020626000390021727000300025630000370028650000200032365000130034365000220035620170124110228.0 aB-284860 c00.00a9780470169612 aB-284860 bCen Lib/Ret aDPLbEN a574.87bKAR aKarp, Gerald aCell and molecular biology :cby Gerald Karpbconcepts and experiments / a5th ed aHobokenbJohn Wiley and Sonsc2008 bHobokena111 River Street axvii,843p. :c28cm(Hb)bcol.ill. aIncludes index  aCytology aMolecular biology